000 00461nam a22001697a 4500
003 BD-ChCU
005 20260217134157.0
008 260217b bg ||||| |||| 00| 0 ben d
040 _cBD-ChCU
082 _aREF 500 TED
100 _aTeresi , Dick
_920395
245 _aDramatic Phenomena from the new frontiers of science./
_c Dick , Teresi .
260 _aBoston :
_bLittle ,
_cC 1982
300 _a248p
650 0 _aScience.
_920396
942 _2ddc
_cBK
_n0
999 _c111644
_d111644